000 00475 a2200169 4500
001 066615
003 OSt
005 20211004153136.0
008
082 _a515
_bW15E
100 1 _aWalker, Peter
245 1 _aExamples and theorems in analysis
_cby Peter Walker
260 _aNew York
_bSpringer
_c2009
300 _a286p.
690 _aFourier analysis; Mathematical analysis; Calculus; Global analysis (Mathematics)
942 _2ddc
_cBK
999 _c655
_d655